| 000 | 00353nam a2200145Ia 4500 | ||
|---|---|---|---|
| 008 | 230917s9999||||xx |||||||||||||| ||und|| | ||
| 040 |
_e112074 _aMAIN |
||
| 041 | _aEnglish | ||
| 082 | _a658.8 A83S | ||
| 100 | _aApte, Govind | ||
| 245 | 0 | _aServices marketing | |
| 260 |
_aNew Delhi _bOxford University Press _c2004 |
||
| 300 | _a440 p. | ||
| 942 | _cBK | ||
| 999 |
_c136223 _d136223 |
||